| 000 | 00774cas a22002895a 4500 | ||
|---|---|---|---|
| 999 |
_c534507 _d534507 |
||
| 001 | 15062887 | ||
| 003 | NUST | ||
| 005 | 20200228155552.0 | ||
| 008 | 071029c200u9999pk fr p | 0eng | ||
| 010 | _a 2007432759 | ||
| 022 |
_a1810-0155 E-2079-7516 _l1810-0155 |
||
| 035 | _a(OCoLC)ocn179463632 | ||
| 038 | _aAtta | ||
| 040 |
_aDLC _beng _cDLC _dOCoLC |
||
| 042 | _apcc | ||
| 043 | _aa-pk--- | ||
| 050 | 0 | 0 | _aAcquired for NLM only |
| 082 | _aVol- | ||
| 245 | 0 | 0 | _aInternational journal of pathology. |
| 246 | 1 | 3 | _aIJP |
| 260 |
_aIslamabad : _bAnwar ul Haque |
||
| 300 |
_av. : _bill. (some col.) ; _c28 cm. |
||
| 310 | _a[Semiannual] | ||
| 588 | _aDescription based on: Vol. 4 (2) (July/Dec. 2006). | ||
| 752 |
_aPakistan _dIslamabad. |
||
| 942 |
_2ddc _cCR |
||